• 首页
  • 本馆介绍
  • 公告通知
  • 最新文献
  • 馆藏检索
  • 电子资源
  • 读者导购
  • 参考咨询
  • 我的图书馆
  • 登录
  • 详细信息显示
  • 放入我的书架
  • 预约/预借图书
  • 作者相关作品
  • 分类相关作品
  • 丛书相关作品
  • 出版社相关作品

书目信息

  • 表格格式
  • 工作单格式
  • 卡片格式
题名:
Python程序设计基础与应用
    
 
作者: 董付国 著
分册:  
出版信息: 北京   机械工业出版社  2018
页数: 245页
开本: 26cm
丛书名:
单 册:
中图分类: TP311.56 , TP311.561
科图分类:
主题词: 软件工具--ruan jian gong ju--程序设计--高等学校--教材
电子资源:
ISBN: 978-7-111-60617-8
000 01032nam0 2200277 450
001 012001005224
005 20141212151945.0
010    @a978-7-111-60617-8@dCNY49.00
099    @aCAL 012018130367
100    @a20180917d2018 em y0chiy50 ea
101 0  @achi
102    @aCN@b110000
105    @aak a 000yy
106    @ar
200 1  @aPython程序设计基础与应用@APython cheng xu she ji ji chu yu ying yong@f董付国著
210    @a北京@c机械工业出版社@d2018
215    @a245页@c图@d26cm
300    @a高等教育规划教材
320    @a有书目 (第245页)
330    @a本书共15章,主要包括Python编程基础(1~11章)和Python开发应用(12~15章)两部分内容,编程基础部分通过众多案例对Python程序设计的概念加以解释,开发应用部分介绍了tkinter编程、网络爬虫、数据分析和数据可视化4个方面的Python核心应用。
606 0  @a软件工具@Aruan jian gong ju@x程序设计@x高等学校@j教材
690    @aTP311.56@v4
690    @aTP311.561@v5
701  0 @a董付国@Adong fu guo@4著
801  0 @aCN@b江苏凤凰@c20191020
905    @b1207637-8@dTP311.56@e1487@f2
    
    Python程序设计基础与应用/董付国著.-北京:机械工业出版社,2018
    245页:图;26cm
    高等教育规划教材
    
    ISBN 978-7-111-60617-8:CNY49.00
    本书共15章,主要包括Python编程基础(1~11章)和Python开发应用(12~15章)两部分内容,编程基础部分通过众多案例对Python程序设计的概念加以解释,开发应用部分介绍了tkinter编程、网络爬虫、数据分析和数据可视化4个方面的Python核心应用。
●
相关链接 在E读中查询图书 在五车中查询图书 在当当中查询图书 在豆瓣中查询图书


正题名:Python程序设计基础与应用     索取号:TP311.56/1487         预约/预借

序号 登录号 条形码 馆藏地/架位号 状态 备注
1 1207637   212076377   第二样本阅览室/ [索取号:TP311.56/1487] 在馆    
2 1207638   212076386   第三借阅区/ [索取号:TP311.56/1487] 在馆    
唐山师范学院图书馆 欢迎您!
大连网信软件有限公司© 版权所有